000 00295nam a22001097a 4500
008 240628b |||||||| |||| 00| 0 eng d
100 _aAdwani, Kalyan
_916129
245 _aShak Andhukalif Ja Sorath aa Riye diya chu
260 _aBombay:
_bLok Seva Mandal;
_c1968.
300 _a63p.
942 _cBK
999 _c39790
_d39790